000 00869nas a2200313 4500
001 BR9704182
003 BR-BrBNA
005 20231205100510.0
007 ta
008 230509b bl.|||p| |||| 00| 00por d
040 _aBR-BrBNA
_bpor
_cBiblioteca Nacional de Agricultura
041 _a(Pt)
072 _aC10; L70
100 1 _aRibeiro, O.C.
100 1 _aSantos, E. de B.
100 1 _aBirgel, E.H.
100 1 _aPinheiro, E.J.D. de
100 1 _aBarros, G.C. de
100 1 _aVieira Neto, J.
100 1 _aOhi, M.
100 1 _aCarneiro, P.R.
100 1 _aSilva, R.N.S. da
245 1 _aO ensino de medicina veterinaria no Brasil
650 _aEnsino Agricola
650 _aVeterinaria
773 0 _tRevista CFMV (Brazil)
_x
_g(Apr-May-Jun 1997), v. 3(9) p. 7-11
_wBR9704182
909 _a202311
_bLúcia
_c55
_dLúcia Elande
942 _2AGRIS
_n0
_cANA
999 _c156369
_d156369